ՄԱՅՐ ԱԹՈՌ ՍՈՒՐԲ ԷՋՄԻԱԾԻՆ

«ՎԱՉԵ ԵՎ ԹԱՄԱՐ ՄԱՆՈՒԿՅԱՆ» ՄԱՏԵՆԱԴԱՐԱՆ

القديس قورباونو = Der Heilige Qorbono Der Syro-Malankarischen Katholischen Kirche / (Record no. 77128)

MARC details
000 -LEADER
fixed length control field 00780nam a22002177a 4500
003 - CONTROL NUMBER IDENTIFIER
control field SEM
005 - DATE AND TIME OF LATEST TRANSACTION
control field 20260123154625.0
008 - FIXED-LENGTH DATA ELEMENTS--GENERAL INFORMATION
fixed length control field 251219s2022 gw ||||gr||||||01|||ger|d
040 ## - CATALOGING SOURCE
Original cataloging agency SEM
Transcribing agency SEM
041 ## - LANGUAGE CODE
Language code of text/sound track or separate title germ
082 ## - DEWEY DECIMAL CLASSIFICATION NUMBER
Classification number 264.023/D-23
245 ## - TITLE STATEMENT
Title القديس قورباونو = Der Heilige Qorbono Der Syro-Malankarischen Katholischen Kirche /
Statement of responsibility, etc. Heraus. : Grosserzbischofichen Kurie; The Syro-Malankara catholic church
250 ## - EDITION STATEMENT
Edition statement Ausgabe der ersten Auflage
260 ## - PUBLICATION, DISTRIBUTION, ETC.
Place of publication, distribution, etc. Eichstätt :
-- Trivandrum :
Name of publisher, distributor, etc. Moran Mor Baselios Kardinal Cleemis,
Date of publication, distribution, etc. 2022.
300 ## - PHYSICAL DESCRIPTION
Extent 247 s. ;
Other physical details ill ., note ;
Dimensions 24 cm
650 ## - SUBJECT ADDED ENTRY--TOPICAL TERM
Topical term or geographic name entry element Liturgy
653 ## - INDEX TERM--UNCONTROLLED
Uncontrolled term ՍԷՄ
700 ## - ADDED ENTRY--PERSONAL NAME
Personal name Kurie Grosserzbischofichen
Relator term Herausgegeben
710 ## - ADDED ENTRY--CORPORATE NAME
Corporate name or jurisdiction name as entry element The Syro- Malankara catholic church
942 ## - ADDED ENTRY ELEMENTS (KOHA)
Source of classification or shelving scheme Dewey Decimal Classification
Koha item type Գրքեր/Books
Suppress in OPAC No
Holdings
Withdrawn status Lost status Source of classification or shelving scheme Damaged status Not for loan Collection code Home library Current library Date acquired Cost, normal purchase price Inventory number Total Checkouts Full call number Barcode Date last seen Price effective from Koha item type Public note
    Dewey Decimal Classification     Գրապահոց Մայր Աթոռ Սուրբ Էջմիածին «Վաչե և Թամար Մանուկյան» Մատենադարան Մայր Աթոռ Սուրբ Էջմիածին «Վաչե և Թամար Մանուկյան» Մատենադարան 19/12/2025 2500.00 Germ-2430   264.023/D-45 Germ-2430 19/12/2025 19/12/2025 Գրքեր/Books Սպասարկվում է ընթերցասրահ